Investigaciones conmemorativas por los 16 años de la maestría en derecho de la propiedad intelectual y de la competencia : (Registro nro. 25323)

Detalles MARC
000 -Cabecera
Campo de control interno 00544nam a2200169Ia 4500
005 - Fecha y hora del registro
control field 20260414151142.0
008 - Elementos de Longitud Fija
fixed length control field 260414t2016||||xx |||||||||||||| ||spa||
041 ## - Idioma
Codigo Idioma ESP
082 ## - DEWEY y NOTACIÓN INTERNA
Dewey 346.46
Notación Interna P77
110 ## - AUTOR INSTTITUCIONAL
Autor Institucional Pontificia Universidad Católica del Perú
245 #0 - TÍTULO DE MATERIAL BIBLIOGRÁFICO
Título Investigaciones conmemorativas por los 16 años de la maestría en derecho de la propiedad intelectual y de la competencia :
Título paralelo tesis de alumnos y congreso internacional
260 ## - CIUDAD, EDITORIAL, AÑO
Año 2016
650 ## - TEMAS
Temas Derecho
654 ## - PROGRAMAS
Programa Dpto. de Derecho y Ciencia Política
942 ## - ELEMENTOS DE KOHA
Tipo de documento Libro
Nombre del creador Justo Noguera
Código de catalogador Justo Noguera
Esquema de clasificación Dewey Decimal Classification
Suppress in OPAC
Existencias
Codigo completo Registro Colección Copia número Disponibilidad Tipo de préstamo Biblioteca Actual Procedencia (Biblioteca) Ubicacón Fecha Ingreso Tipo de Adquisición Date last seen Total checkouts Price effective from Tipo de Item Estado del Material Damaged status Withdrawn status
346.46 P77 1054274 Universidad Católica San Pablo 1 Disponible Disponible Víctor Andrés Belaunde Víctor Andrés Belaunde Primer piso 14/04/2026 Donación 14/04/2026   14/04/2026 Libro Bueno